00558nam a2200133Ia 4500008004100000100002300041245009000064245012600154260005300280260000900333300000600342650001500348856006100363170221s9999 xx 000 0 und d aDiana I. Mamycheva aInstrumentation Organizational and Economic Support of Labor Motivation of Employees  cDiana I. Mamycheva, Aleksandr V. Melnichuk, Irina V. Taranova, Anatoly I. Chernykh, Elena Yu. Gadzhieva, Vitaly V. Ratiev bInternational Review of Management and Marketing c2012 a: xMarketing. uhttp://www.econjournals.com/index.php/irmm/issue/view/70